000 00271nam a22001097a 4500
008 170123b xxu||||| |||| 00| 0 eng d
020 _a9780920513422
041 _aeng
080 _22ND
_a618.2
245 _aCANADIAN FUNDAMENTALS OF NURSING
_cCASTALDI, P.A
942 _2udc
_cBK
999 _c3409
_d3409